Concepto, fin y alcance de las prohibiciones de valoración probatoria en el procedimiento penal: una propuesta de fundamentación
| 1. VerfasserIn: | |
|---|---|
| Medienart: | Druck Buch |
| Sprache: | Spanisch |
| Veröffentlicht: |
Buenos Aires
Ed. del Puerto
2005
|
| In: |
Colección Tesis doctoral (3)
Jahr: 2005 |
| Bestand in Tübingen: | In Tübingen vorhanden. UB: KB 20 A 2594 |
| Verfügbarkeit prüfen: | HBZ Gateway |
| Subito Bestelldienst: | Jetzt bestellen. |
| Schlagwörter: |
MARC
| LEADER | 00000cam a2200000 c 4500 | ||
|---|---|---|---|
| 001 | 1621750892 | ||
| 003 | DE-627 | ||
| 005 | 20250321045832.0 | ||
| 007 | tu | ||
| 008 | 060105s2005 ag ||||| m 00| ||spa c | ||
| 020 | |a 9879120787 |9 987-9120-78-7 | ||
| 024 | 3 | |a 9789879120781 | |
| 035 | |a (DE-627)1621750892 | ||
| 035 | |a (DE-576)250139219 | ||
| 035 | |a (DE-599)BSZ250139219 | ||
| 035 | |a (OCoLC)255411930 | ||
| 035 | |a (OCoLC)81925378 | ||
| 035 | |a (DE-605)HT014589372 | ||
| 040 | |a DE-627 |b ger |c DE-627 |e rakwb | ||
| 041 | |a spa | ||
| 044 | |c XD-AR | ||
| 050 | 0 | |a KHA5880 | |
| 084 | |a PH 4850 |2 rvk |0 (DE-625)rvk/136155: | ||
| 084 | |a PH 6515 |2 rvk |0 (DE-625)rvk/136443:406 | ||
| 084 | |a 86.36 |2 bkl | ||
| 084 | |a 86.10 |2 bkl | ||
| 100 | 1 | |8 1\p |a Guariglia, Fabricio |0 (DE-588)173809545 |0 (DE-627)698713044 |0 (DE-576)134649206 |4 aut | |
| 109 | |a Guariglia, Fabricio | ||
| 245 | 1 | 0 | |a Concepto, fin y alcance de las prohibiciones de valoración probatoria en el procedimiento penal |b una propuesta de fundamentación |c Fabricio Guariglia |
| 264 | 1 | |a Buenos Aires |b Ed. del Puerto |c 2005 | |
| 300 | |a XIX, 265 S. | ||
| 336 | |a Text |b txt |2 rdacontent | ||
| 337 | |a ohne Hilfsmittel zu benutzen |b n |2 rdamedia | ||
| 338 | |a Band |b nc |2 rdacarrier | ||
| 490 | 1 | |a Colección Tesis doctoral |v 3 | |
| 502 | |a Zugl.: Münster, Westf., Univ., Diss., 2004 | ||
| 583 | 1 | |a Archivierung prüfen |c 20200919 |f DE-640 |z 3 |2 pdager | |
| 583 | 1 | |a Archivierung prüfen |c 20240324 |f DE-4165 |z 2 |2 pdager | |
| 650 | 0 | |a Exclusionary rule (Evidence) |z Argentina | |
| 650 | 0 | |a Criminal Procedure |z Argentina | |
| 655 | 7 | |a Hochschulschrift |0 (DE-588)4113937-9 |0 (DE-627)105825778 |0 (DE-576)209480580 |2 gnd-content | |
| 689 | 0 | 0 | |d s |0 (DE-588)4195378-2 |0 (DE-627)105212334 |0 (DE-576)210100702 |a Beweisverwertungsverbot |2 gnd |
| 689 | 0 | |5 DE-101 | |
| 689 | 1 | 0 | |d s |0 (DE-588)4116634-6 |0 (DE-627)105805297 |0 (DE-576)209503203 |a Strafverfahren |2 gnd |
| 689 | 1 | 1 | |d s |0 (DE-588)4195378-2 |0 (DE-627)105212334 |0 (DE-576)210100702 |a Beweisverwertungsverbot |2 gnd |
| 689 | 1 | |5 (DE-627) | |
| 751 | |a Münster (Westf) |0 (DE-588)4040608-8 |0 (DE-627)818071567 |0 (DE-576)209041323 |4 uvp | ||
| 830 | 0 | |a Colección Tesis doctoral |v 3 |9 3 |w (DE-627)490494730 |w (DE-576)250138905 |w (DE-600)2193423-X |7 am | |
| 883 | |8 1\p |a cgwrk |d 20250301 |q DE-101 |u https://d-nb.info/provenance/plan#cgwrk | ||
| 889 | |w (DE-627)503902829 | ||
| 935 | |i mdedup | ||
| 936 | r | v | |a PH 4850 |b Allgemeines, auch Beweisverbote |k Rechtswissenschaft |k Strafrecht, Strafverfahrensrecht, Kriminologie |k Strafverfahrensrecht |k Beweisrecht |k Allgemeines, auch Beweisverbote |0 (DE-627)127173866X |0 (DE-625)rvk/136155: |0 (DE-576)20173866X |
| 936 | r | v | |a PH 6515 |b Strafverfahrensrecht, Strafvollzug, Gesetzgebungsmaterialien und -entwürfe zum Strafverfahrensrecht und Strafvollzug |k Rechtswissenschaft |k Strafrecht, Strafverfahrensrecht, Kriminologie |k Vergleichendes und ausländisches Straf- und Strafprozessrecht einschliesslich Strafvollzug |k Ausländisches Recht - Einzelne Länder |k Amerika |k Südamerika |k Argentinien |k Strafverfahrensrecht, Strafvollzug, Gesetzgebungsmaterialien und -entwürfe zum Strafverfahrensrecht und Strafvollzug |0 (DE-627)127268699X |0 (DE-625)rvk/136443:406 |0 (DE-576)20268699X |
| 936 | b | k | |a 86.36 |j Strafprozessrecht |0 (DE-627)106413570 |
| 936 | b | k | |a 86.10 |j Recht einzelner Länder, Gebiete und Völker |0 (DE-627)106422499 |
| 951 | |a BO | ||
| ELC | |b 1 | ||
| LOK | |0 000 xxxxxcx a22 zn 4500 | ||
| LOK | |0 001 324208800X | ||
| LOK | |0 003 DE-627 | ||
| LOK | |0 004 1621750892 | ||
| LOK | |0 005 20070821115650 | ||
| LOK | |0 008 070730||||||||||||||||ger||||||| | ||
| LOK | |0 040 |a DE-21 |c DE-627 |d DE-21 | ||
| LOK | |0 852 |a DE-21 | ||
| LOK | |0 852 1 |c KB 20 A 2594 |9 00 | ||
| LOK | |0 935 |a krim | ||
| LOK | |0 936ln |a k4.6.5 | ||
| LOK | |0 938 |l 21/08/07 |8 6 | ||
| LOK | |0 939 |a 30-07-07 |b l01 | ||
| ORI | |a SA-MARC-krimdoka001.raw | ||
| SIG | |a UB: KB 20 A 2594 | ||
